00644nam a2200181 4500001000700000003000900007005001700016007000300033008004100036100003400077245005100111250006400162260004800226300002700274852002200301999001900323952012000342108656ES-MaACL20230906184700.0t|061121s1933 fr r ||||1| fre d1 aMontherlant, Henry de.98264113aLa relevé du matin / cHenry de Montherlant. aEdition definitive avec une nouvelle préface de l'auteur. aParís : b[s.n.], c1933 (fImp. Moderne) aXXI, 246 p. ; c19 cm. aES-MaACLjB-12907 c108656d108656 00104070aATENEOMbATENEOMcSPBd2008-01-17eSCl0oB-12907p1113380r2023-02-23 00:00:00w2023-02-23yMONOGRAFIA